| 000 | 00373nam a22001457a 4500 | ||
|---|---|---|---|
| 008 | 230403b ||||| |||| 00| 0 eng d | ||
| 020 | _a9780781736749 | ||
| 041 | _aeng | ||
| 080 |
_2THIRD EDITION _a61 |
||
| 082 | _a61McC | ||
| 100 | _a4 | ||
| 101 | _aMJEKSI | ||
| 245 |
_aA PRACTICAL APPROACH TO ACCUPATIONAL AND ENVIRONMENTAL MEDICINE _cMcCUNNEY.J.R |
||
| 942 |
_2udc _cBK |
||
| 999 |
_c59491 _d59491 |
||